Statistiken für Länder mit Hinweisen #4

Klicken Sie hier um das Quiz zu spielen!

Allgemein

  • Dieses Quiz wurde 7.930 mal gespielt
  • Das Durchschnittsergebnis liegt bei 11 aus 20

Antwortstatistiken

HinweiseLand% Korrekt
Polder, Windmühlen, HolzschuheNiederlande
94%
Balkan, Tirana, DoppeladlerflaggeAlbanien
90%
Patagonien, Lionel Messi, Mate-StrauchArgentinien
89%
Pączki, Solidarität, WeichselPolen
85%
Marrakesch, Atlasgebirge,
Straße von Gibraltar
Marokko
69%
Großer Preis, Casino, RivieraMonaco
65%
Baltisch, Skype, Internet-WahlEstland
59%
Assad, Aleppo, LevanteSyrien
59%
Siam, Chiang Mai, KickboxenThailand
56%
Arabischer Frühling, Karthago,
barbarische Piraten
Tunesien
54%
dicht besiedelt, Bengalischer Tiger,
Ostpakistan
Bangladesch
51%
Galápagos, Chimborazo, GuayaquilEcuador
51%
Königin Rania, Petra, MansafJordanien
36%
Zentralamerika, Barrier-Riff,
englischsprachig
Belize
34%
Darfur, Nubien, PyramidenSudan
32%
Zedern, Levante, HisbollahLibanon
31%
Größter Hafen, Prügel, TigerstaatSingapur
30%
Mount Wilhelm, die meisten Sprachen,
Paradiesvogel
Papua-Neuguinea
26%
Formosa, Kuomintang, HTCTaiwan
26%
Arenal-Vulkan, kein Militär,
#1 im Happy Planet Index
Costa Rica
16%

Verteilung der Resultate

Perzentil nach korrekt beantworteten Fragen

Anzahl Personen mit jedem Resultat

Ihre Resultats-Entwicklung

Sie haben dieses Quiz noch nicht gespielt